Central Library OPAC University of Rajshahi

বিদ্যাসাগর / (Record no. 48163)

MARC details
000 -LEADER
fixed length control field 00902nam a22002417a 4500
001 - CONTROL NUMBER
control field 48163
003 - CONTROL NUMBER IDENTIFIER
rucl marc code BD-RjUL
005 - DATE AND TIME OF LATEST TRANSACTION
control field 20211209054454.0
008 - FIXED-LENGTH DATA ELEMENTS--GENERAL INFORMATION
fixed length control field 160813s1952 ii ||||| |||| 00| 0 ben d
020 ## - INTERNATIONAL STANDARD BOOK NUMBER
Terms of availability : IRs 3.00
035 ## - SYSTEM CONTROL NUMBER
System control number (BD-RjUL)48282
040 ## - CATALOGING SOURCE
Original cataloging agency BD-RjUL
Language of cataloging ben
Transcribing agency BD-RjUL
041 ## - LANGUAGE CODE
Language code of text/sound track or separate title ben
082 ## - DEWEY DECIMAL CLASSIFICATION NUMBER
Edition number 23
Classification number 891.442
Author mark and year MUB 1952
100 ## - MAIN ENTRY--PERSONAL NAME
Personal name মুখোপাধ্যায়, বলাইচাঁদ (বনফুল)
9 (RLIN) 145910
245 10 - TITLE STATEMENT
Title বিদ্যাসাগর /
Statement of responsibility, etc. বলাইচাঁদ মুখোপাধ্যায়, (বনফুল)
250 ## - EDITION STATEMENT
Edition statement ৩য় সং
260 ## - PUBLICATION, DISTRIBUTION, ETC. (IMPRINT)
Place of publication, distribution, etc. কলিকাতা :
Name of publisher, distributor, etc. ডি.এম. লাইব্রেরী,
Date of publication, distribution, etc. ১৯৫২ [১৩৫৯]
300 ## - PHYSICAL DESCRIPTION
Pagination ১৭২ পৃ. ;
Size ১৭ সেমি.
650 ## - SUBJECT ADDED ENTRY--TOPICAL TERM
Topical term or geographic name as entry element বাংলা নাটক
9 (RLIN) 145916
Topical term or geographic name as entry element Bengali Drama
9 (RLIN) 145917
942 ## - ADDED ENTRY ELEMENTS (KOHA)
Source of classification or shelving scheme Dewey Decimal Classification
Koha item type Books
Holdings
Lost status Source of classification or shelving scheme Damaged status Not for loan Collection code Permanent Location Current Location Shelving location Date acquired Source of acquisition Cost, normal purchase price Total Checkouts Full call number Date last seen Copy number Koha item type
  Dewey Decimal Classification     Non-fiction Central Library, University of Rajshahi Central Library, University of Rajshahi   11/07/1955 India Interkoli 3.00   B 891.442 MUB 1952 13/08/2016 C-2 Books
  Dewey Decimal Classification     Non-fiction Central Library, University of Rajshahi Central Library, University of Rajshahi   11/07/1955 India Interkoli 3.00   B 891.442 MUB 1952 13/08/2016 C-3 Books